Политическая идеология и её роль в обществе

מידע ביבליוגרפי
מחבר ראשי: Петроченко Н. Ф.
מחבר תאגידי: Томский институт автоматизированных систем управления и радиоэлектроники (ТИАСУР)
מחברים אחרים: Гныря Е. С. (редактор)
סיכום:Исключено из фонда НТБ ТПУ
שפה:רוסית
יצא לאור: Томск, Изд-во Томского ун-та, 1988
פורמט: MixedMaterials ספר
KOHA link:https://koha.lib.tpu.ru/cgi-bin/koha/opac-detail.pl?biblionumber=263799

MARC

LEADER 00000nam0a2200000 4500
001 263799
005 20231031222544.0
035 |a (RuTPU)RU\TPU\book\286788 
090 |a 263799 
100 |a 20140611d1988 k y0rusy50 ca 
101 0 |a rus 
102 |a RU 
105 |a a z 001zy 
200 1 |a Политическая идеология и её роль в обществе  |f Н. Ф. Петроченко  |g Томский институт автоматизированных систем управления и радиоэлектроники (ТИАСУР) ; под ред. Е. С. Гныри 
210 |a Томск  |c Изд-во Томского ун-та  |d 1988 
215 |a 152 с.  |c ил. 
333 |a Исключено из фонда НТБ ТПУ 
700 1 |a Петроченко  |b Н. Ф. 
702 1 |a Гныря  |b Е. С.  |4 340 
712 0 2 |a Томский институт автоматизированных систем управления и радиоэлектроники (ТИАСУР)  |c (1971-1993) 
801 1 |a RU  |b 63413507  |c 20140611 
801 2 |a RU  |b 63413507  |c 20220314  |g RCR 
942 |c BK